Monetary policy in Europe after Maastricht
Αποθηκεύτηκε σε:
| Κύριος συγγραφέας: | |
|---|---|
| Άλλοι συγγραφείς: | |
| Μορφή: | Βιβλίο |
| Γλώσσα: | English |
| Δημοσίευση: |
New York :
St.Martin's Press,
1993
|
| Θέματα: | |
| Ετικέτες: |
Προσθήκη ετικέτας
Δεν υπάρχουν, Καταχωρήστε ετικέτα πρώτοι!
|
MARC
| LEADER | 00000nam a2200000 i 4500 | ||
|---|---|---|---|
| 001 | 1/60895 | ||
| 008 | 960529s1993 eng d | ||
| 020 | |a 0-312-09952-5 | ||
| 035 | |l 10028797 | ||
| 040 | |a GR-MY-UA |b gre |e aacr | ||
| 041 | 0 | |a eng | |
| 082 | 0 | |a 332.45094 | |
| 100 | 1 | |a Nolling, Wilhelm. | |
| 245 | 1 | 0 | |a Monetary policy in Europe after Maastricht / |c Wilhelm Nolling ; Translated by:Brian Rasmussen |
| 260 | |a New York : |b St.Martin's Press, |c 1993 | ||
| 300 | |a 274 p. | ||
| 500 | |a Includes notes and references | ||
| 650 | 0 | 0 | |a Monetary policy |z European Economic Community countries. |
| 700 | 1 | |a Rasmussen, Brian. |4 trl | |
| 852 | |a INST |b CHIOS |e 19960529 |h 332.45094 NOL |p 005200008153 |q 005200008153 |t BK |y 0 | ||
| 909 | |a Χ |b 044561 | ||